Zvyšovanie kompetencií zamestnancov malých a stredných podnikov pomocou evzdelávania diplomová práca

Enregistré dans:
Détails bibliographiques
Auteur principal: Szabóová, Monika
Collectivité auteur: Fakulta podnikového manažmentu EU. Katedra informačného manažmentu
Autres auteurs: Töröková, Anikó, 1963-
Format: Livre
Langue:slovaque
Publié: Bratislava 2017
Tags: Ajouter un tag
Pas de tags, Soyez le premier à ajouter un tag!

MARC

LEADER 00000nbm a2200000 4500
001 0232266
005 20171108130817.3
041 0 |a slo 
044 |a SK 
245 1 0 |a Zvyšovanie kompetencií zamestnancov malých a stredných podnikov pomocou evzdelávania  |b diplomová práca  |c Monika Szabóová ; školiteľ: Anikó Töröková 
264 1 |a Bratislava  |c 2017 
300 |a 70 s. 
100 1 |a Szabóová, Monika 
700 1 |a Töröková, Anikó, 1963- 
710 2 |a Fakulta podnikového manažmentu EU. Katedra informačného manažmentu